| 000 | 01288 a2200253 4500 | ||
|---|---|---|---|
| 003 | Nust | ||
| 005 | 20230718103357.0 | ||
| 010 | _a 77028623 | ||
| 020 | _a0893350478 | ||
| 040 | _cNust | ||
| 082 | 0 | 0 | _a616.89075,GOT |
| 245 | 0 | 4 |
_aThe Content analysis of verbal behavior : Further studies / _cLouis A. Gottschalk. |
| 260 |
_aNew York : _bSP Medical & Scientific Books : _bDistributed by Halsted Press _cc1979. |
||
| 300 |
_a977 p. : _bill. ; _c24 cm. |
||
| 505 | _aThe Development of New Content Analysis Scales or Further Validation Studies on Previously Developed Content Analysis Scales (Page-1), Scoring the Content Analysis Scales (Page-237), Neuropsychopharmacological Studies (Page-263), Psychophysiological and Psychosomatic Studies (Page-541), Somatopsychic Studies and Studies of Environmental Effects of Psychological Processes (Page-677), Psychokinetic Studies (Page-713), Papers on Psychotherapy (Page-793). | ||
| 650 | 0 |
_aContent analysis (Communication) _91590 |
|
| 650 | 0 |
_aMentally ill _xLanguage. _9100407 |
|
| 650 | 0 |
_aPsychopharmacology. _9100408 |
|
| 650 | 0 |
_aVerbal behavior _xCollected works. _9100409 |
|
| 650 | 0 |
_aVerbal behavior. _9100410 |
|
| 700 | 1 |
_aGottschalk, Louis A. _d1916- _9100411 |
|
| 740 | 0 | _aVerbal behavior. | |
| 942 |
_2ddc _cBK _k616.89075,GOT |
||
| 999 |
_c183167 _d183167 |
||